Boolean algebra and its application : including Boolean matrix algebra /

Guardado en:
Autor Principal: Flegg, Graham.
Formato: Libro
Idioma:English
Publicado: London : Blackie, 1964.
Etiquetas: Agregar Etiqueta
Sin Etiquetas, Sea el primero en etiquetar este registro!
LEADER 00466nam a22001455a 4500
001 MAT.inmabb001319
008 031122s1964####enk###########000#0#eng#d
005 20130315165510.0
245 1 0 |a Boolean algebra and its application :  |b including Boolean matrix algebra /  |c H. Graham Flegg. 
260 |a London :  |b Blackie,  |c 1964. 
300 |a xv, 261 p. ;  |c 23 cm. 
510 4 |a MR,  |c 28 #3902 
100 1 |a Flegg, Graham. 
084 |a 94C10  |2 msc2000 
859 |h 94  |i F595  |p A-1575  |b BIB. MATEMATICA